Datum a čas kvízu
23.5
Celkem bodů
Celkový počet nahraných bodů na tomto kvízu bez doplňovacích otázek.
5.
Pořadí na kvízu
Konečné umístění týmu na tomto kvízu.
Zaznamenané odpovědi
| # | Otázka | Odpověď | Body | Výsledky |
|---|---|---|---|---|
| 1. | Komu přišlo hodně troufalé, že... | 1 | ||
| 2. | Na výzkumné stanici na Antarkt... | 0 | ||
| 3. | Ve čtvrtek vstoupil do našich... | 1 | ||
| 4. | Americká společnost IBM minulý... | 0 | ||
| 5. | Hřiště ve Wembley bylo při pon... | 1 | ||
| 6. | Pokud jste na titulní otázku o... | 0 | ||
| 7. | Herci Tobinu Bellovi přinesla... | 0 | ||
| 5. | Nejúspěšnějším hororem, co do... | 0 | ||
| 5. | Příběh thrilleru s prvky horor... | 0 | ||
| 10. | Shaun je hospodský povaleč, co... | 0 |